000 00403nam a22001697a 4500
005 20260413160538.0
008 160627b xxu||||| |||| 00| 0 eng d
020 _a0-14-303051-5
041 _aeng
082 _a793.73
100 _aBasu, Siddhartha
_92979
245 _aMastermind India
260 _bPenguin India
_c2004
300 _a313
650 _aIndoor games & amusements
_98987
942 _cBK
999 _c4308
_d4307